[Event "EU-ch Blitz"]
[Site "Zagreb"]
[Date "2023.12.16"]
[Round "1"]
[White "Kohalmi, Endre Jr"]
[Black "Mamedov, Rauf"]
[Result "0-1"]
[WhiteElo "1998"]
[BlackElo "2651"]
[PlyCount "60"]
[EventDate "2023.12.16"]
[EventType "swiss (blitz)"]
[EventRounds "13"]
[EventCountry "CRO"]
[SourceTitle "CB51_2023"]
[SourceDate "2023.12.20"]
[SourceVersion "1"]
[SourceVersionDate "2023.12.20"]
[SourceQuality "1"]

1. d4 d6 2. Nc3 Nf6 3. e4 g6 4. Bf4 c6 5. Qd2 b5 6. f3 Nbd7 7. 0-0-0 Qa5 8. Kb1 b4 9. Nce2 Nb6 10. Nc1 Be6 11. Bh6 Bxh6 12. Qxh6 Na4 13. Nge2 Rb8 14. b3 Nc3+ 15. Nxc3 bxc3 16. d5 cxd5 17. exd5 Nxd5 18. Nd3 Qa3 19. Qc1 Qxc1+ 20. Kxc1 a5 21. a4 0-0 22. g4 Rfc8 23. Be2 Ne3 24. Rde1 Bxb3 25. cxb3 Rxb3 26. Bd1 c2 27. Rxe3 cxd1Q+ 28. Kxd1 Rb1+ 29. Ke2 Rxh1 30. Nb2 Rxh2+ 0-1

[Event "EU-ch Blitz"]
[Site "Zagreb"]
[Date "2023.12.16"]
[Round "2"]
[White "Mamedov, Rauf"]
[Black "Cvitan, Ena"]
[Result "1-0"]
[WhiteElo "2651"]
[BlackElo "2239"]
[PlyCount "67"]
[EventDate "2023.12.16"]
[EventType "swiss (blitz)"]
[EventRounds "13"]
[EventCountry "CRO"]
[SourceTitle "CB51_2023"]
[SourceDate "2023.12.20"]
[SourceVersion "1"]
[SourceVersionDate "2023.12.20"]
[SourceQuality "1"]

1. e4 c6 2. Nf3 d5 3. e5 c5 4. c4 d4 5. g3 Nc6 6. Bg2 Bf5 7. 0-0 e6 8. d3 h6 9. a3 a5 10. Re1 Nge7 11. Qb3 Qc7 12. Nbd2 a4 13. Qc2 Nc8 14. Ne4 Be7 15. h4 0-0 16. Bf4 Na5 17. Qxa4 Qc6 18. Qc2 b5 19. b4 cxb4 20. Nxd4 Qb6 21. Nxf5 exf5 22. Nd6 b3 23. Qc3 Nxd6 24. Bxa8 Rxa8 25. exd6 Bxd6 26. Bxd6 Qxd6 27. cxb5 Qd7 28. Qe5 Rc8 29. b6 Nc6 30. Qb5 Qd6 31. b7 Rb8 32. Qxf5 Nd4 33. Qe4 b2 34. Rab1 1-0

[Event "EU-ch Blitz"]
[Site "Zagreb"]
[Date "2023.12.16"]
[Round "10"]
[White "Mamedov, Rauf"]
[Black "Gavrilescu, David"]
[Result "1-0"]
[WhiteElo "2651"]
[BlackElo "2523"]
[PlyCount "99"]
[EventDate "2023.12.16"]
[EventType "swiss (blitz)"]
[EventRounds "13"]
[EventCountry "CRO"]
[SourceTitle "CB51_2023"]
[SourceDate "2023.12.20"]
[SourceVersion "1"]
[SourceVersionDate "2023.12.20"]
[SourceQuality "1"]

1. g3 d5 2. Bg2 Nf6 3. d3 e6 4. Nd2 Be7 5. e4 c5 6. Ngf3 Nc6 7. 0-0 0-0 8. Re1 Qc7 9. exd5 exd5 10. Nf1 h6 11. Bf4 Bd6 12. Bxd6 Qxd6 13. d4 Bg4 14. dxc5 Qxc5 15. c3 Rad8 16. h3 Bxf3 17. Qxf3 d4 18. cxd4 Nxd4 19. Qxb7 Rb8 20. Qe7 Qa5 21. Qe5 Qxe5 22. Rxe5 Rxb2 23. Ne3 Rc8 24. a4 g6 25. a5 Kg7 26. Re7 Nb5 27. Rb7 Ne8 28. Rd1 Nec7 29. Rd7 Kf6 30. Nd5+ Nxd5 31. Bxd5 Ke5 32. Bg2 Rc1+ 33. Kh2 a6 34. Rxf7 Rcc2 35. Rb6 Rxf2 36. Rxf2 Rxf2 37. Rxa6 Nd4 38. Kg1 Ra2 39. Rxg6 Nf5 40. a6 h5 41. h4 Ne3 42. Bf3 Kf5 43. Rg5+ Kf6 44. Rxh5 Nf5 45. g4 Ra1+ 46. Kf2 Ra2+ 47. Ke1 Nd4 48. Bd1 Ne6 49. Rh6+ Ke5 50. Rxe6+ 1-0

[Event "EU-ch Rapid"]
[Site "Zagreb"]
[Date "2023.12.15"]
[Round "8"]
[White "Martirosyan, Haik M"]
[Black "Mamedov, Rauf"]
[Result "1-0"]
[WhiteElo "2678"]
[BlackElo "2651"]
[PlyCount "92"]
[EventDate "2023.12.14"]
[EventType "swiss (rapid)"]
[EventRounds "11"]
[EventCountry "CRO"]
[SourceTitle "CB51_2023"]
[SourceDate "2023.12.20"]
[SourceVersion "1"]
[SourceVersionDate "2023.12.20"]
[SourceQuality "1"]

1. d4 Nf6 2. c4 g6 3. Nc3 Bg7 4. e4 d6 5. Be2 0-0 6. Be3 a5 7. h4 h5 8. f3 Nc6 9. d5 Ne5 10. Nh3 c6 11. Nf4 cxd5 12. cxd5 Bd7 13. a4 Be8 14. 0-0 Nfd7 15. Rc1 Nc5 16. Nb5 Bh6 17. g3 Bd7 18. Kg2 Bg7 19. Bxc5 dxc5 20. Rxc5 Qb6 21. Qc2 Rac8 22. Rc1 Bh6 23. Qc3 Bg7 24. Qa3 Rxc5 25. Qxc5 Qf6 26. Qe3 Bh6 27. Rc7 Bxb5 28. Bxb5 b6 29. Qc3 Qd6 30. Rb7 Bg7 31. Qa3 Rc8 32. Qxd6 exd6 33. Rxb6 Rc2+ 34. Be2 Nd3 35. Nxd3 Rxe2+ 36. Kf1 Re3 37. Ne1 Be5 38. f4 Bd4 39. Rxd6 Rxe4 40. Nf3 Bxb2 41. Rb6 Ba3 42. d6 Re3 43. d7 Rxf3+ 44. Ke2 Rf2+ 45. Ke1 Be7 46. Rb8+ Kg7 1-0